The Passion and the fashion: football fandom in the New Europe /
Zapisane w:
| 1. autor: | |
|---|---|
| Kolejni autorzy: | |
| Format: | Texto |
| Wydane: |
Avebury
|
| Hasła przedmiotowe: | |
| Etykiety: |
Dodaj etykietę
Nie ma etykietki, Dołącz pierwszą etykiete!
|
MARC
| LEADER | 00000 a a2200000 04500 | ||
|---|---|---|---|
| 001 | 32833 | ||
| 003 | |||
| 040 | |||
| 090 | |a 204700 | ||
| 100 | |a Redhead, Steve | ||
| 245 | |a The Passion and the fashion: football fandom in the New Europe / |c Steve Redhead | ||
| 260 | |a Avebury | ||
| 300 | |a pp. 77-151 | ||
| 500 | |a Contenido: The rich and the poor in the culture of football / Alessandro Portelli.--Fireworks and the ass / Christian Bromberger , Antonio Melechi. trad.--Allez IOM forza juve: the passion for football in Marseille and Turin / Christian Bromberger |a Alain Ha | ||
| 650 | |a DEPORTES | ||
| 650 | |a GRUPOS | ||
| 650 | |a IDENTIFICACION | ||
| 650 | |a SUPERSTICION | ||
| 650 | |a CAPITALISMO | ||
| 650 | |a EUROPA | ||
| 700 | |a ed. | ||
| 999 | |c 13889 |d 13889 | ||
